Racionalidad y método para el derecho: ¿es eso posible?/
Uloženo v:
| Hlavní autor: | |
|---|---|
| Médium: | Kniha |
| Jazyk: | Spanish |
| Tagy: |
Přidat tag
Žádné tagy, Buďte první, kdo vytvoří štítek k tomuto záznamu!
|
MARC
| LEADER | 00000nam a22000007a 4500 | ||
|---|---|---|---|
| 003 | cru CIDCACS/IIS | ||
| 005 | 20180920134939.0 | ||
| 007 | ta | ||
| 008 | 180920s1990 cr |||p|r||||||0| ||spa|d | ||
| 999 | |c 41719 |d 41719 | ||
| 040 | |c cru CIDCACS/IIS | ||
| 100 | 1 | |9 7726 |a Haba, Enrique P. | |
| 245 | 1 | |a Racionalidad y método para el derecho: |b ¿es eso posible?/ |c Enrique P. Haba | |
| 300 | |a páginas 67-244 | ||
| 773 | 0 | |0 41718 |9 2297 |a Universidad de Costa Rica. |d San José, Costa Rica: Universidad de Costa Rica.Facultad de Derecho; Colegio de Abogados, |o 02081 |t Revista de Ciencias Jurídicas / | |
| 942 | |2 ddc |c PP | ||
